Normal view
MARC view
Entry Topical Term
001 - CONTROL NUMBER
- control field: 46245
003 - CONTROL NUMBER IDENTIFIER
- control field: dpl
005 - DATE AND TIME OF LATEST TRANSACTION
- control field: 20120503110818.0
008 - FIXED-LENGTH DATA ELEMENTS
- fixed length control field: 120503|||a|||||| | ||| d
040 ## - CATALOGING SOURCE
- Original cataloging agency: dpl
- Transcribing agency: dpl
150 ## - HEADING--TOPICAL TERM
- Topical term or geographic name as entry element: Social psychology
- Geographic subdivision: India.
670 ## - SOURCE DATA FOUND
- Source citation: Work cat.: (dpl)54201: Khalakdina, Margaret. 46244, Human development in the Indian context :, 2011
670 ## - SOURCE DATA FOUND
- Source citation: Work cat.: (dpl)54201: Khalakdina, Margaret. 46244, Human development in the Indian context :, 2011
